FC Groningen players (2010-2020) - Statistics

General Stats
  • This quiz has been taken 7 times
  • The average score is 64 of 124
Answer Stats
Rank Player Positions Nationality Matches Goals (assists) Period % Correct
57 Andreas Granqvist CB 32 11 (0) 2010-2011
100%
11 Hans Hateboer RB 87 1 (8) 2013-2017
100%
12 Juninho Bacuna CM 83 2 (9) 2014-2018
100%
65 Ko Itakura CB 22 0 (0) 2019-2020
100%
74 Lars Veldwijk ST 18 4 (2) 2017-2018
100%
9 Leandro Bacuna CM 89 12 (7) 2010-2013
100%
35 Marco Bizot GK 50 0 (0) 2012-2014
100%
6 Michael de Leeuw ST 111 46 (8) 2012-2016
100%
27 Ritsu Doan RW 61 15 (7) 2017-2020
100%
1 Sergio Padt GK 194 0 (1) 2014-2020
100%
30 Virgil van Dijk CB 57 5 (4) 2010-2013
100%
24 Ajdin Hrustić AM 66 5 (5) 2016-2020
75%
28 Albert Rusnák AM 59 8 (6) 2014-2017
75%
48 Alexander Sørloth ST 38 5 (4) 2015-2017
75%
119 Danny Post DM 1 0 (0) 2010-2011
75%
19 Deyovaisio Zeefuik RB 69 1 (5) 2017-2020
75%
21 Dušan Tadić RW 68 14 (28) 2010-2012
75%
20 Eric Botteghin CB 69 5 (5) 2013-2016
75%
47 Filip Kostić LM 39 9 (8) 2012-2014
75%
44 Género Zeefuik ST 41 7 (4) 2012-2014
75%
61 Hyun-jun Suk ST 27 5 (1) 2011-2013
75%
60 Jeff Chabot CB 28 1 (1) 2018-2019
75%
16 Jesper Drost AM 78 5 (13) 2015-2019
75%
39 Kasper Larsen CB 47 0 (1) 2015-2018
75%
22 Luciano GK 68 0 (0) 2010-2013
75%
41 Ludovit Reis CM 45 2 (2) 2017-2019
75%
97 Mateo Cassierra ST 10 1 (0) 2018-2019
75%
4 Mimoun Mahi LW 123 37 (17) 2014-2019
75%
29 Oussama Idrissi LW 58 12 (8) 2015-2018
75%
95 Romano Postema ST 11 0 (0) 2019-2020
75%
8 Samir Memisevic CB 98 6 (2) 2016-2020
75%
88 Sam Schreck CM 13 0 (1) 2019-2020
75%
18 Simon Tibbling CM 74 2 (5) 2014-2017
75%
62 Stefano Magnasco RB 27 0 (2) 2012-2014
75%
59 Tim Handwerker LB 31 0 (3) 2018-2019
75%
55 Tim Matavz ST 33 19 (6) 2010-2012
75%
13 Tim Sparv DM 83 4 (2) 2010-2013
75%
25 Tjaronn Chery AM 65 22 (12) 2013-2015
75%
124 Tomas Suslov AM 1 0 (0) 2019-2020
75%
67 Ahmed El Messaoudi CM 20 1 (3) 2019-2020
50%
111 Alexander Christovao ST 3 0 (0) 2012-2013
50%
118 Angelo Cijntje RB 1 0 (0) 2013-2014
50%
64 Azor Matusiwa DM 23 0 (0) 2019-2020
50%
32 Bryan Linssen ST 56 13 (5) 2015-2017
50%
75 Charlison Benschop ST 17 3 (2) 2019-2020
50%
105 Daishawn Redan ST 5 0 (0) 2019-2020
50%
89 Daniël van Kaam DM 12 0 (0) 2018-2020
50%
52 Danny Holla CM 33 2 (5) 2010-2012
50%
26 David Texeira ST 63 14 (2) 2011-2014
50%
76 Desevio Payne RB 17 1 (0) 2014-2017
50%
93 Dino Islamovic ST 11 0 (0) 2014-2015
50%
50 Femi DM 36 0 (0) 2010-2011, 2012-2013
50%
51 Fredrik Stenman CB 34 2 (4) 2010-2011
50%
80 Gonzalo García CF 15 2 (1) 2010-2011
50%
58 Hedwiges Maduro DM 32 1 (2) 2015-2017
50%
100 Jannik Pohl ST 7 1 (0) 2018-2019
50%
38 Jarchinio Antonia RW 47 2 (10) 2014-2017
50%
69 Jason Davidson CB 20 0 (4) 2016-2017
50%
81 Joel Asoro RW 15 3 (2) 2019-2020
50%
3 Johan Kappelhof CB 123 3 (2) 2011-2016
50%
34 Jonas Ivens CB 54 2 (1) 2010-2013
50%
53 Kaj Sierhuis ST 33 9 (3) 2018-2020
50%
73 Krisztián Adorján AM 19 3 (1) 2013-2014
50%
7 Lorenzo Burnet LB 104 4 (4) 2011-2016
50%
109 Luis Pedro CB 4 0 (0) 2011-2012
50%
2 Maikel Kieftenbeld DM 145 2 (10) 2010-2015
50%
10 Mike te Wierik CB 89 2 (3) 2017-2020
50%
49 Mohammed El Hankouri AM 37 1 (2) 2018-2020
50%
45 Nicklas Pedersen ST 41 7 (2) 2010-2012
50%
71 Ramon Pascal Lundqvist AM 20 5 (2) 2019-2020
50%
15 Rasmus Lindgren CB 79 5 (2) 2012-2016
50%
54 Richairo Zivkovic ST 33 10 (0) 2012-2014
50%
42 Ruben Yttergård Jenssen CM 45 2 (7) 2016-2018
50%
107 Shkodran Metaj DM 5 0 (0) 2010-2011
50%
79 Thomas Bruns AM 16 2 (1) 2018-2019
50%
116 Thomas Poll LB 2 0 (0) 2019-2020
50%
96 Todd Kane RB 11 0 (0) 2017-2018
50%
5 Tom Hiariej DM 117 2 (7) 2010-2017
50%
72 Uriel Antuna RW 20 0 (0) 2017-2019
50%
117 William Troost-Ekong CB 2 0 (0) 2013-2014
50%
14 Yoëll van Nieff DM 80 2 (5) 2012-2015, 2016-2018
50%
82 Abel Tamata LB 14 0 (0) 2015-2016
25%
87 Ahmad Mendes Moreira LW 13 1 (2) 2018-2019
25%
78 Amir Absalem LB 16 0 (1) 2017-2020
25%
31 Andraz Kirm CM 56 3 (6) 2012-2014
25%
108 Arjen Hagenauw ST 4 0 (0) 2013-2015
25%
83 Bart van Hintum LB 14 0 (0) 2019-2020
25%
68 Brian van Loo GK 20 0 (0) 2010-2012
25%
33 Danny Hoesen ST 56 11 (4) 2014-2017
25%
103 Darryl Lachman CB 6 0 (0) 2010-2011
25%
17 Django Warmerdam LB, CB 75 4 (4) 2017-2020
25%
98 Emil Johansson LB 8 0 (1) 2011-2013
25%
23 Etiënne Reijnen CB 67 0 (4) 2015-2018
25%
94 Gabriel Gudmundsson LB 11 2 (0) 2019-2020
25%
63 Giliano Wijnaldum LB 26 1 (2) 2013-2014
25%
120 Glenn Bijl RB 1 0 (1) 2016-2017
25%
77 Henk Bos CM 17 0 (0) 2011-2013, 2014-2015
25%
112 Hilal Ben Moussa CM 2 0 (0) 2012-2013
25%
84 Iliass Bel Hassani AM 14 1 (1) 2018-2019
25%
113 Jafar Arias ST 2 0 (0) 2014-2015
25%
106 Jeroen Veldmate CB 5 0 (0) 2010-2011
25%
40 Kees Kwakman LM 47 1 (1) 2011-2013
25%
121 Keziah Veendorp DM 1 0 (0) 2015-2016
25%
114 Kian Slor LW 2 0 (0) 2019-2020
25%
70 Koen van de Laak AM 20 2 (0) 2010-2012
25%
122 Lars Kramer CB 1 0 (0) 2017-2018
25%
85 Martijn van der Laan CB 14 0 (0) 2014-2015, 2016-2017
25%
90 Matías Jones AM 12 1 (0) 2011-2012
25%
91 Michael Breij AM 12 1 (0) 2017-2019
25%
66 Mitchell Schet RW 22 1 (3) 2012-2013
25%
104 Nick Bakker CB 6 0 (0) 2011-2013
25%
43 Nick van der Velden LW 42 7 (9) 2013-2015
25%
110 Norair Aslanyan RW 4 0 (0) 2010-2011
25%
101 Paco van Moorsel AM 7 0 (0) 2012-2013
25%
86 Paul Gladon ST 14 5 (0) 2018-2019
25%
115 Peter van der Vlag GK 2 0 (0) 2014-2015
25%
36 Petter Andersson CM 50 8 (6) 2010-2012
25%
123 Roland Baas LB 1 0 (0) 2014-2015
25%
46 Thomas Enevoldsen CF 40 5 (10) 2010-2012
25%
102 Tim Freriks ST 7 0 (1) 2017-2019
25%
99 Tim Keurntjes LB 8 0 (0) 2011-2012
25%
92 Timo Letschert CB 12 0 (0) 2012-2014
25%
56 Tom van de Looi DM 33 0 (1) 2017-2019
25%
37 Tom van Weert ST 48 17 (3) 2016-2019
25%
No matching quizzes found
Score Distribution
Percent of People with Each Score
Percentile by Number Answered
Your Score History
You have not taken this quiz